Contrôle de la qualité: MSP analyse des performances contrôle de réception
Đã lưu trong:
| Tác giả chính: | |
|---|---|
| Định dạng: | Sách |
| Ngôn ngữ: | Undetermined |
| Được phát hành: |
Paris
Dunod
2002
|
| Những chủ đề: | |
| Các nhãn: |
Thêm thẻ
Không có thẻ, Là người đầu tiên thẻ bản ghi này!
|
| Thư viện lưu trữ: | Trung tâm Học liệu Trường Đại học Cần Thơ |
|---|
| LEADER | 00526nam a2200169Ia 4500 | ||
|---|---|---|---|
| 001 | CTU_56424 | ||
| 008 | 210402s9999 xx 000 0 und d | ||
| 082 | |a 658.4013 | ||
| 082 | |b J41 | ||
| 100 | |a Luan Jaupi | ||
| 245 | 0 | |a Contrôle de la qualité: MSP analyse des performances contrôle de réception | |
| 245 | 0 | |c Luan Jaupi | |
| 260 | |a Paris | ||
| 260 | |b Dunod | ||
| 260 | |c 2002 | ||
| 650 | |a production management,quality control,total quality management | ||
| 980 | |a Trung tâm Học liệu Trường Đại học Cần Thơ | ||